000 00586nam a2200193Ia 4500
003 GCL
008 140319s9999 xx 000 0 ara d
040 _aGCL /
_cGCL
082 0 4 _a150.195
_bح ك
100 1 _aجيوزيف صابر
245 1 0 _aكيف تساعد الاخرين /
_cجيوزيف صابر
700 1 _aراحة عطا الله
260 _a[S.N] :
_bدار الثقافة المسيحية ،
_c1989
300 _a170
490 _aسلسلة كتب المشورة
_v0
650 0 4 _aعلم النفس
650 0 4 _aالتحليل النفسى
942 _2ddc
_cBK
999 _c52798
_d52798